[Event "10th Foxwoods Open"]
[Site "Ledyard USA"]
[Date "2008.03.22"]
[Round "6"]
[White "Shulman,Y"]
[Black "Hess,Ro"]
[Result "1-0"]
[WhiteElo "2614"]
[BlackElo "2445"]

1.e4 e5 2.f4 exf4 3.Nf3 d6 4.d4 g5 5.h4 g4 6.Ng1 f3 7.Bg5 Be7 8.Qd2 f2+ 9.Kxf2 h6
10.Bxe7 Qxe7 11.Nc3 Nc6 12.Nd5 Nf6 13.Re1 Qd8 14.c3 Be6 15.Nf4 g3+ 16.Kxg3 Rg8+
17.Kf3 Qe7 18.Nd5 Nxe4 19.Nxc7+ Qxc7 20.Rxe4 O-O-O 21.Kf2 d5 22.Rf4 Ne7 23.Bd3 Rg7
24.Nf3 Rdg8 25.Rg1 Rg3 26.Ne5 Nc6 27.Nf3 h5 28.Be2 R3g6 29.Ng5 Bg4 30.Rxf7 Qb6
31.Bxg4+ hxg4 32.Re1 a5 33.b3 Kb8 34.Qf4+ Ka7 35.Qxg4 Nd8 36.Rfe7 Qf6+ 37.Qf3 Qh8
38.Qh3 Qf6+ 39.Kg1 Rf8 40.Qe3 Rh6 41.g3 Qc6 42.Rf1 Rhf6 43.Rxf6 Qxf6 44.Qe2  1-0

[Event "Frank K Berry ch-USA"]
[Site "Tulsa USA"]
[Date "2008.05.14"]
[Round "2"]
[White "Shulman,Y"]
[Black "Pruess,D"]
[Result "1-0"]
[WhiteElo "2606"]
[BlackElo "2425"]

1.d4 d5 2.c4 e6 3.Nf3 c6 4.Nc3 f5 5.Bf4 Nf6 6.e3 Be7 7.Be2 O-O 8.h3 Bd7 9.Qb3 Qb6
10.c5 Qxb3 11.axb3 Ne4 12.b4 g5 13.Bh2 a6 14.Na4 Bd8 15.Nb6 Bxb6 16.cxb6 Be8
17.Bc7 Nd7 18.Bd3 h6 19.Bxe4 fxe4 20.Nd2 Rf7 21.Nb3 Re7 22.Kd2 e5 23.f3 Bg6
24.h4 Rae8 25.Rae1 exd4 26.Nxd4 Ne5 27.Bxe5 Rxe5 28.hxg5 hxg5 29.Rh3 exf3
30.gxf3 Kg7 31.Rg3 Kf6 32.f4 gxf4 33.Rf3 Re4 34.Rxf4+ Rxf4 35.exf4 Be4 36.Nb3 Kf5
37.Kc3 Re7 38.Kd4 Kxf4 39.Nc5 Kg5 40.Rg1+ Kf6 41.Rg8 Bf5 42.Rf8+ Kg5 43.Rb8 Re2
44.Rxb7 Rxb2 45.Kc3 Rc2+ 46.Kb3 Rh2 47.Rf7 Rh3+ 48.Kb2 Rh2+ 49.Kc3 Rh3+ 50.Kd4 Rh4+
51.Ke5 Bc8 52.b7 Bxb7 53.Rg7+ Kh6 54.Rxb7 Rc4 55.Nxa6 Kg6 56.Nc5 Kh6 57.Kd6 d4
58.Ke5  1-0

[Event "Frank K Berry ch-USA"]
[Site "Tulsa USA"]
[Date "2008.05.15"]
[Round "3"]
[White "Gulko,B"]
[Black "Shulman,Y"]
[Result "0-1"]
[WhiteElo "2559"]
[BlackElo "2606"]

1.d4 d5 2.c4 e6 3.Nf3 Nf6 4.g3 dxc4 5.Bg2 a6 6.Ne5 c5 7.Na3 cxd4 8.Naxc4 Bc5
9.Bd2 Nd5 10.Rc1 O-O 11.O-O Nd7 12.Nd3 Ba7 13.Ba5 Qe7 14.Qb3 Rb8 15.Nce5 Nxe5
16.Nxe5 Qf6 17.Nd3 b6 18.Bb4 Rd8 19.Bxd5 Rxd5 20.Rc7 Bb7 21.Be7 Qf5 22.Qc2 e5
23.Rc1 h6 24.Nb4 d3 25.exd3 Rd7 26.Rxb7 Rbxb7 27.Qc8+ Kh7 28.Nxa6 Qxd3 29.Nb4 Qd2
30.Bf8 Rb8  0-1

[Event "Frank K Berry ch-USA"]
[Site "Tulsa USA"]
[Date "2008.05.20"]
[Round "8"]
[White "Shulman,Y"]
[Black "Perelshteyn,E"]
[Result "1/2-1/2"]
[WhiteElo "2606"]
[BlackElo "2552"]

1.d4 Nf6 2.c4 e6 3.Nf3 d5 4.Nc3 Bb4 5.cxd5 exd5 6.Bg5 h6 7.Bxf6 Qxf6 8.Qb3 Qd6
9.a3 Bxc3+ 10.Qxc3 c6 11.e3 Bf5 12.Be2 O-O 13.O-O Nd7 14.b4 Bg4 15.a4 a6
16.h3 Bh5 17.Rfc1 Rfc8 18.b5 c5 19.bxa6 bxa6 20.Qa3 Qf6 21.dxc5 Nxc5 22.Rd1 Ne4
23.Rxd5 Nc3 24.Rxh5 Nxe2+ 25.Kf1 Rc3 26.Qb4 Rxe3 27.fxe3 Ng3+ 28.Kf2 Nxh5
29.Rc1 Re8 30.Qc4 Qg6 31.Qd4 Nf6 32.Kg1 Qe4 33.Re1 Qc2 34.Kh2 Ne4 35.Qd7 Nf6
36.Qd4 Re4 37.Qd8+ Kh7 38.a5 Ra4 39.Rd1 Ra3 40.Rd2 Qc3 41.Qb8 Rb3 42.Qe5 Qxe5+
43.Nxe5 Rxe3 44.Nxf7 Ra3 45.Rd6 Rxa5 46.Rc6 Ra2 47.Nd6 a5 48.Ra6 a4 49.Ra7 Kg6
50.Ra6 h5 51.Ne4 h4 52.Nc3 Rc2 53.Nxa4 Kf5 54.Ra5+  1/2-1/2

[Event "17th Open"]
[Site "Chicago USA"]
[Date "2008.05.24"]
[Round "3"]
[White "Ginsburg,M"]
[Black "Shulman,Y"]
[Result "0-1"]
[WhiteElo "2365"]
[BlackElo "2606"]

1.c4 e6 2.d4 d5 3.Nf3 Nf6 4.Bg5 dxc4 5.Qa4+ Nbd7 6.e4 c6 7.Qxc4 Qb6 8.Nbd2 Qxb2
9.Rb1 Qa3 10.Bd3 h6 11.Bf4 Be7 12.Bc7 O-O 13.O-O Nb6 14.Qc2 Qa4 15.Qc3 Nfd5
16.exd5 Nxd5 17.Qa5 Qxa5 18.Bxa5 b6 19.Ne5 bxa5 20.Nxc6 Bd8 21.Rfc1 Bd7 22.Nxd8 Rfxd8
23.Be4 Rac8 24.Bxd5 exd5 25.Rc5 Rxc5 26.dxc5 Rc8 27.Rc1 Bb5 28.f3 Bc4 29.Kf2 Rxc5
30.Ke3 Rb5 31.Nxc4 dxc4 32.Rc2 g5 33.Kd4 Rb4 34.Kc3 Kg7 35.Re2 Kf6 36.Re8 Rb1
37.Re2 Rc1+ 38.Kb2 Rh1 39.h3 Kf5 40.Rc2 Rg1 41.g4+ Kf4 42.Rxc4+ Kxf3 43.Rc7 Kg3
44.Rxf7 Kxh3  0-1

[Event "17th Open"]
[Site "Chicago USA"]
[Date "2008.05.26"]
[Round "6"]
[White "Shulman,Y"]
[Black "Friedel,J"]
[Result "0-1"]
[WhiteElo "2606"]
[BlackElo "2484"]

1.d4 Nf6 2.c4 e6 3.Nf3 b6 4.g3 Ba6 5.b3 Bb4+ 6.Bd2 Be7 7.Bg2 c6 8.Bc3 d5
9.Ne5 Nfd7 10.Nxd7 Nxd7 11.Nd2 O-O 12.O-O f5 13.Rc1 Rc8 14.Rc2 Bd6 15.Bb2 Qe8
16.Qc1 b5 17.Re1 Nf6 18.Ba3 b4 19.c5 Bb8 20.Bxb4 f4 21.Nf3 Ne4 22.Bd2 fxg3
23.fxg3 Nxg3 24.hxg3 Bxg3 25.Ng5 Qh5 26.Nh3 Bxe2 27.Rc3 Bxe1 28.Qxe1 Bg4
29.Nf4 Qf5 30.Rg3 h5 31.Nd3 h4 32.Re3 h3 33.Bh1 Rf6 34.Rg3 Rcf8 35.Kh2 Qh5
36.Qe3 Rf1 37.Qg5 Qxg5 38.Bxg5 Bf5 39.Nf4 Rf2+ 40.Kg1 Rxa2 41.Nxh3 Ra1+ 42.Kh2 Rd1
43.Ng1 Kf7 44.Bf3 Rxd4 45.Ne2 Rd3 46.Nc1 Rh8+ 47.Kg2 Rc3 48.Ne2 Rc2 49.Bf4 Bd3
50.Be5 Bxe2 51.Rxg7+ Ke8 52.Rxa7 Rg8+ 53.Kf2 Bxf3+ 54.Kxf3 Rxc5 55.Bd6 Rc3+
56.Kf4 Rxb3 57.Ke5 Re3+ 58.Kf6 Rf3+ 59.Kxe6 Rg6+ 60.Ke5 Re3+ 61.Kd4 Re4+  0-1

[Event "World Open"]
[Site "Philadelphia USA"]
[Date "2008.07.02"]
[Round "1"]
[White "Shulman,Y"]
[Black "Yeager,D"]
[Result "1/2-1/2"]
[WhiteElo "2623"]
[BlackElo "2335"]

1.d4 Nf6 2.c4 e6 3.Nf3 b6 4.g3 Ba6 5.Qc2 Bb7 6.Bg2 c5 7.d5 exd5 8.cxd5 Nxd5
9.O-O Be7 10.Qe4 Bc6 11.Ne5 Nc7 12.Nxc6 Nxc6 13.Nc3 O-O 14.Rd1 Bf6 15.Qg4 d5
16.Nxd5 Nxd5 17.Rxd5 Qc8 18.Qh5 Qe6 19.e4 Nb4 20.Rd1 Rad8 21.a3 Nd3 22.Qe2 Qb3
23.Rb1 c4 24.Bf1 Rfe8 25.f3 Bd4+ 26.Kg2 f5 27.Bg5 Rd7 28.Rxd3 cxd3 29.Qxd3 Qxd3
30.Bxd3 fxe4 31.Bb5 exf3+ 32.Kf1 Rdd8 33.Bxd8 Rxd8 34.Rd1 Kf7 35.Bc6 f2 36.b3 Rd6
37.Bb5 Kf6 38.a4 a5 39.Bc4 Ke5 40.Kg2 Bc5 41.Rxd6 Kxd6 42.Bd3 h6 43.Kf3 Ke5
44.Bc4 Bd4 45.Ke2 Kf5 46.Kf3 Kg5 47.Ke4 Bc5 48.Be2 h5 49.h4+ Kf6 50.Kf3 g5
51.hxg5+ Kxg5 52.Kg2 h4 53.gxh4+ Kxh4  1/2-1/2

[Event "World Open"]
[Site "Philadelphia USA"]
[Date "2008.07.05"]
[Round "6"]
[White "Yermolinsky,A"]
[Black "Shulman,Y"]
[Result "1-0"]
[WhiteElo "2530"]
[BlackElo "2623"]

1.d4 d5 2.c4 e6 3.Nc3 c6 4.e4 dxe4 5.Nxe4 Bb4+ 6.Nc3 c5 7.a3 Ba5 8.Nf3 Nf6
9.Be3 Ne4 10.Qc2 Nxc3 11.bxc3 cxd4 12.Bxd4 O-O 13.Bd3 h6 14.O-O Nc6 15.Rab1 Bc7
16.Be4 Qe7 17.Rfe1 Bd6 18.Qa4 Bxa3 19.Bxc6 bxc6 20.Ne5 Bd6 21.Qxc6 Rb8 22.Rxb8 Bxb8
23.Bc5 Qc7 24.Bxf8 Kxf8 25.Rd1 f6 26.Nd7+ Bxd7 27.Qxc7 Bxc7 28.Rxd7 Bb6 29.Kf1 h5
30.Ke2 h4 31.h3 g6 32.f3 Ke8 33.Rb7 Bc5 34.Kd3 Bb6 35.Kc2 e5 36.Kd3  1-0

[Event "9th TIM"]
[Site "Montreal CAN"]
[Date "2008.08.26"]
[Round "3"]
[White "Shulman,Y"]
[Black "Kovalyov,A"]
[Result "1-0"]
[WhiteElo "2623"]
[BlackElo "2548"]

1.d4 Nf6 2.c4 e6 3.Nc3 Bb4 4.e3 b6 5.Ne2 Bb7 6.a3 Bd6 7.d5 Qe7 8.g3 h5 9.h3 Na6
10.Bg2 exd5 11.Nd4 g6 12.cxd5 Nc5 13.O-O Nfe4 14.Ncb5 a5 15.b4 axb4 16.Bb2 Nf6
17.Nxd6+ cxd6 18.axb4 Nce4 19.Rxa8+ Bxa8 20.Ne2 O-O 21.Qd4 Qe5 22.f3 Ng5
23.e4 Ngh7 24.Ra1 Qe7 25.Nc3 Rc8 26.Ra7 Qd8 27.h4 Rb8 28.Nb5 Qe7 29.Qc3 Qf8
30.Qc7 Bxd5 31.exd5 Nxd5 32.Qxd6 Qxd6 33.Nxd6 Nxb4 34.Rxd7 Nd3 35.Bd4 Nc5
36.Rxf7 Ne6 37.Be5 Rd8 38.Re7  1-0

[Event "38th Olympiad"]
[Site "Dresden GER"]
[Date "2008.11.19"]
[Round "6"]
[White "Shulman,Y"]
[Black "Nogueiras Santiago,J"]
[Result "1-0"]
[WhiteElo "2616"]
[BlackElo "2574"]

1.d4 d5 2.Nf3 Nf6 3.c4 c6 4.Nc3 dxc4 5.a4 Bf5 6.Ne5 Na6 7.e3 Nb4 8.Bxc4 e6
9.O-O Be7 10.Qe2 Bc2 11.Bd2 Nd7 12.Nxd7 Qxd7 13.e4 Qxd4 14.Be3 Qd8 15.Rac1 Bd3
16.Bxd3 Qxd3 17.Qg4 O-O 18.Rfd1 f5 19.Rxd3 fxg4 20.Rd7 Rf7 21.Rxb7 Bf8 22.Rxf7 Kxf7
23.a5 a6 24.Na4 Rd8 25.Kf1 Rb8 26.Bb6 Rb7 27.Ke2 Rd7 28.Be3 Be7 29.Rc4 h5
30.Nc5 Bxc5 31.Rxc5 Rb7 32.Rc4 Rb5 33.Bc5 Nd5 34.exd5 Rxb2+ 35.Ke3 cxd5 36.Bd4 Ra2
37.Rc7+ Kg6 38.Kf4 Re2 39.f3 Rxg2 40.Rxg7+ Kh6 41.Re7 gxf3 42.Rxe6+ Kh7 43.Kxf3 Rxh2
44.Rxa6 h4 45.Ra8 Ra2 46.a6 h3 47.Rh8+ Kg6 48.a7  1-0

[Event "38th Olympiad"]
[Site "Dresden GER"]
[Date "2008.11.20"]
[Round "7"]
[White "Berkes,F"]
[Black "Shulman,Y"]
[Result "1/2-1/2"]
[WhiteElo "2645"]
[BlackElo "2616"]

1.d4 d5 2.Bf4 Nf6 3.e3 c5 4.c3 Nc6 5.Nd2 Bf5 6.Qb3 Qd7 7.Ngf3 c4 8.Qd1 e6
9.Be2 Be7 10.Ne5 Nxe5 11.Bxe5 O-O 12.g4 Bg6 13.h4 Qb5 14.Bxf6 gxf6 15.h5 Bd3
16.Bxd3 cxd3 17.Qb3 Qc6 18.Nf3 b5 19.Kd2 b4 20.Ne1 bxc3+ 21.Qxc3 Qb5 22.Nxd3 Rfc8
23.Qb3 Qa5+ 24.Ke2 e5 25.Rhc1 e4 26.Nc5 Bxc5 27.Rxc5 Rxc5 28.dxc5 Qxc5 29.Rd1 Qc8
30.Qxd5  1/2-1/2

[Event "38th Olympiad"]
[Site "Dresden GER"]
[Date "2008.11.23"]
[Round "10"]
[White "Shulman,Y"]
[Black "Baramidze,D"]
[Result "1-0"]
[WhiteElo "2616"]
[BlackElo "2557"]

1.d4 d5 2.c4 c6 3.Nf3 Nf6 4.Nc3 e6 5.Bg5 h6 6.Bh4 dxc4 7.e4 g5 8.Bg3 b5 9.Ne5 h5
10.h4 g4 11.Be2 Bb7 12.O-O Nbd7 13.Qc2 Nxe5 14.Bxe5 Bg7 15.b3 cxb3 16.axb3 O-O
17.Bg3 c5 18.e5 Nd7 19.Ne4 Bxe4 20.Qxe4 cxd4 21.Bd3 f5 22.exf6 Nxf6 23.Qxe6+ Kh8
24.Qf5 Qd5 25.Be5 Rae8 26.Rfe1 Re7 27.Ra6 Kg8 28.Re2 Qc5 29.g3 Qc1+ 30.Kh2 Qc5
31.Re6 Rff7 32.Rc2  1-0

[Event "18th North American Open"]
[Site "Las Vegas USA"]
[Date "2008.12.27"]
[Round "2"]
[White "Hansen,Eric"]
[Black "Shulman,Y"]
[Result "1/2-1/2"]
[WhiteElo "2362"]
[BlackElo "2616"]

1.e4 e6 2.d4 d5 3.exd5 exd5 4.Bd3 Nc6 5.c3 Bd6 6.Qf3 Be6 7.Bf4 Nge7 8.Ne2 Ng6
9.Bxd6 Qxd6 10.h4 h5 11.Bxg6 fxg6 12.Qg3 O-O-O 13.Qxd6 Rxd6 14.f3 Na5 15.Nd2 Bf5
16.Kf2 Rf8 17.g3 Nc4 18.Nxc4 dxc4 19.Rad1 Ra6 20.a3 Rff6 21.Nf4 Rfb6 22.Rd2 Rb5
23.Re1 Rab6 24.Ree2 Kd7 25.Ke3 Kd6 26.Rg2 Bb1 27.d5 c6 28.dxc6+ Kxc6 29.Rge2 g5
30.hxg5 Rxg5 31.Kf2 Kb5 32.Ne6 Rf5 33.Nd4+ Ka4 34.Re1 Bd3 35.Nxf5 Bxf5 36.Re5 g6
37.Ke1 Bd3 38.Kd1 Rf6 39.Rf2 a6 40.Re7 b5 41.Kd2 Kb3 42.Ke3 Rd6 43.Kf4 Bc2
44.Ree2  1/2-1/2

[Event "18th North American Open"]
[Site "Las Vegas USA"]
[Date "2008.12.27"]
[Round "3"]
[White "Adamson,R"]
[Black "Shulman,Y"]
[Result "0-1"]
[WhiteElo "2324"]
[BlackElo "2616"]

1.e4 e6 2.d4 d5 3.Nc3 Bb4 4.e5 c5 5.a3 Bxc3+ 6.bxc3 Ne7 7.Qg4 cxd4 8.Bd3 Qa5
9.Ne2 Nd7 10.f4 Nc5 11.Bd2 dxc3 12.Bxc3 Qb6 13.Bd4 Qa5+ 14.Bc3 Qb6 15.Bd4 Ng6
16.O-O Qa5 17.Ng3 Nxd3 18.cxd3 b6 19.f5 exf5 20.Nxf5 O-O 21.Qg5 Bxf5 22.Rxf5 Qa4
23.Bc3 Rac8 24.Qd2 Qb3 25.Rc1 Qxa3 26.Rff1 Rfe8 27.Kh1 Qe7 28.Rce1 Qd7 29.d4 Rc4
30.Rf3 Rec8 31.Ref1 Qe6 32.Bb4 Rc2 33.Qe3 Qg4 34.Rg3 Qe4 35.Qg5 h6 36.Qh5 Rc1
37.Rf3 Rxf1+ 38.Rxf1 Rc2 39.Qh3 Nf4 40.Qf3 Qxf3 41.gxf3 a5  0-1

[Event "18th North American Open"]
[Site "Las Vegas USA"]
[Date "2008.12.28"]
[Round "4"]
[White "Shulman,Y"]
[Black "Khachiyan,M"]
[Result "1/2-1/2"]
[WhiteElo "2616"]
[BlackElo "2508"]

1.d4 Nf6 2.c4 Nc6 3.Nf3 e6 4.a3 d6 5.Nc3 g6 6.g3 Bg7 7.Bg2 O-O 8.O-O Re8
9.Re1 a6 10.e3 e5 11.d5 Ne7 12.e4 Nd7 13.b4 h6 14.Qc2 f5 15.exf5 gxf5 16.Nh4 e4
17.Bb2 Ne5 18.Ne2 Bf6 19.f4 exf3 20.Nxf3 N7g6 21.Ned4 Rf8 22.Rf1 Kg7 23.Nxe5 Bxe5
24.Nxf5+ Bxf5 25.Bxe5+ Nxe5 26.Rxf5 Rxf5 27.Qxf5 Qg5 28.Qxg5+ hxg5 29.c5 a5
30.Rc1 axb4 31.axb4 Nd3 32.Rd1 Nxb4 33.cxd6 cxd6 34.Rb1 Ra4 35.Bf3 Nd3 36.Rxb7+ Kf6
37.Rb1 g4 38.Be2 Ne5 39.Rb2 Rd4 40.Kf2 Rxd5 41.Rb4  1/2-1/2

[Event "18th North American Open"]
[Site "Las Vegas USA"]
[Date "2008.12.28"]
[Round "5"]
[White "Shulman,Y"]
[Black "Sevillano,E"]
[Result "1-0"]
[WhiteElo "2616"]
[BlackElo "2512"]

1.d4 Nf6 2.c4 e6 3.Nc3 d5 4.Nf3 Ne4 5.Qc2 f5 6.Bf4 c6 7.e3 Nd7 8.Bd3 Be7
9.g4 Nxc3 10.bxc3 dxc4 11.Bxc4 fxg4 12.Nd2 Nf6 13.h3 gxh3 14.Rxh3 b5 15.Bb3 c5
16.dxc5 e5 17.Rxh7 Rxh7 18.Qg6+ Kd7 19.O-O-O exf4 20.Ne4+ Kc7 21.Rxd8 Bxd8
22.Nxf6 Rh1+ 23.Kb2 Bxf6 24.Qe4 Rh5 25.Qxa8 Rxc5 26.Qxa7+ Kc6 27.e4 Bxc3+
28.Kb1 Bd4 29.Bd5+ Kd6 30.Qf7 b4 31.Qxf4+ Ke7 32.Qf7+ Kd8 33.e5  1-0

[Event "18th North American Open"]
[Site "Las Vegas USA"]
[Date "2008.12.29"]
[Round "7"]
[White "Shulman,Y"]
[Black "Izoria,Z"]
[Result "1/2-1/2"]
[WhiteElo "2616"]
[BlackElo "2610"]

1.d4 d5 2.c4 c6 3.Nf3 Nf6 4.Nc3 a6 5.a4 e6 6.Bg5 a5 7.e3 Be7 8.Be2 O-O 9.O-O Na6
10.Qb3 Nb4 11.Na2 Nxa2 12.Qxa2 dxc4 13.Qxc4 Nd5 14.Bxe7 Qxe7 15.Ne5 Rd8 16.Bf3 Bd7
17.Qc5 Kf8 18.Nc4 b6 19.Qxe7+ Kxe7 20.e4 Nb4 21.Nxb6 Ra6 22.Nc4 Be8 23.Rad1 Nc2
24.d5  1/2-1/2

[Event "Foxwoods Open"]
[Site "Ledyard USA"]
[Date "2009.04.11"]
[Round "7"]
[White "Shulman,Y"]
[Black "Shabalov,A"]
[Result "1-0"]
[WhiteElo "2632"]
[BlackElo "2569"]

1.d4 d5 2.c4 c6 3.Nf3 Nf6 4.Nc3 e6 5.Bg5 h6 6.Bxf6 Qxf6 7.Qb3 a5 8.e4 a4
9.Qc2 dxe4 10.Nxe4 Bb4+ 11.Kd1 Qd8 12.c5 O-O 13.a3 Ba5 14.Qxa4 b5 15.cxb6 Bb7
16.Nc5 Qc8 17.Qb3 Nd7 18.Bd3 Rb8 19.Ke2 Ba8 20.Qc2 Bxb6 21.Rhd1 Bc7 22.Kf1 Nxc5
23.dxc5 e5 24.Bf5 Qe8 25.Rd7 Bd8 26.Rad1 g6 27.Be4 f5 28.Qc4+ Kh8 29.Qc1 g5
30.R1d6 Be7 31.Rxh6+ Kg8 32.Qc4+ Qf7 33.Qxf7+ Rxf7 34.Nxe5 Rf6 35.Rg6+ Kf8
36.Rxf6+ Bxf6  1-0

[Event "Foxwoods Open"]
[Site "Ledyard USA"]
[Date "2009.04.12"]
[Round "9"]
[White "Shulman,Y"]
[Black "Ehlvest,J"]
[Result "1/2-1/2"]
[WhiteElo "2632"]
[BlackElo "2606"]

1.d4 Nf6 2.c4 g6 3.Nc3 Bg7 4.e4 d6 5.Nf3 O-O 6.Be2 e5 7.Be3 Ng4 8.Bg5 f6
9.Bh4 g5 10.Bg3 Nh6 11.d5 a5 12.Nd2 Na6 13.f3 f5 14.Bf2 g4 15.exf5 gxf3 16.Bxf3 Nxf5
17.O-O Bh6 18.Nde4 Be3 19.a3 Bd7 20.Qd3 Bxf2+ 21.Rxf2 Nd4 22.Raf1 Qe7 23.Bh5 Rxf2
24.Rxf2 Bf5 25.Qe3 Rf8 26.h3 Qg7 27.Bg4 Bxg4 28.hxg4 Nc5 29.Nxc5 dxc5 30.Rxf8+ Kxf8
31.g5 b6 32.Qg3 Ke7 33.Kh2 Nf5 34.Qg4 Nd6 35.Ne4 Qg6 36.Nxd6 cxd6 37.Qc8 Qh5+
38.Kg1 Qd1+ 39.Kh2 Qh5+ 40.Kg1 Qd1+  1/2-1/2

[Event "Chicago Open"]
[Site "Wheeling USA"]
[Date "2009.05.23"]
[Round "3"]
[White "Holt,C"]
[Black "Shulman,Y"]
[Result "0-1"]
[WhiteElo "2289"]
[BlackElo "2632"]

1.d4 d5 2.c4 e6 3.Nc3 c6 4.e4 dxe4 5.Nxe4 Bb4+ 6.Bd2 Qxd4 7.Bxb4 Qxe4+ 8.Be2 Na6
9.Ba5 Bd7 10.Qd6 Qf5 11.Bc3 Nf6 12.Rd1 O-O-O 13.f3 c5 14.g4 Qg6 15.Bd3 Qg5
16.Qe5 Qxe5+ 17.Bxe5 Bc6 18.h3 Nb4 19.Bb1 Rxd1+ 20.Kxd1 Ba4+ 21.b3 Rd8+ 22.Ke1 Bc6
23.Rh2 Nd3+ 24.Bxd3 Rxd3 25.Rd2 Rxd2 26.Kxd2 Ne8 27.g5 f6 28.gxf6 gxf6 29.Bh2 b6
30.Bg3 Kd7 31.Bb8 e5 32.b4 Kc8  0-1

[Event "Chicago Open"]
[Site "Wheeling USA"]
[Date "2009.05.25"]
[Round "7"]
[White "Akobian,V"]
[Black "Shulman,Y"]
[Result "1/2-1/2"]
[WhiteElo "2612"]
[BlackElo "2632"]

1.d4 d5 2.c4 e6 3.Nf3 Nf6 4.Nc3 dxc4 5.e3 a6 6.Bxc4 c5 7.O-O b5 8.Bd3 Bb7
9.dxc5 Bxc5 10.a3 Nbd7 11.b4 Be7 12.Bb2 O-O 13.Rc1  1/2-1/2

[Event "World Open"]
[Site "Philadelphia USA"]
[Date "2009.07.01"]
[Round "1"]
[White "Liu,E"]
[Black "Shulman,Y"]
[Result "0-1"]
[WhiteElo "2353"]
[BlackElo "2632"]

1.e4 e6 2.d4 d5 3.Nc3 Bb4 4.e5 c5 5.a3 Bxc3+ 6.bxc3 Ne7 7.Qg4 cxd4 8.Qxg7 Rg8
9.Qxh7 Qc7 10.Ne2 Nbc6 11.f4 dxc3 12.Qd3 Bd7 13.h4 d4 14.Rg1 O-O-O 15.g4 Qb6
16.h5 Be8 17.Rg3 Na5 18.Qh7 Ba4 19.Bh3 Nd5 20.Qe4 Nc7 21.g5 Na6 22.Qh7 Nc5
23.Nxd4 Rh8 24.Qxf7 Rxd4 25.Be3 Re4 26.g6 Rd8 27.g7 Be8 28.Qe7 Nc6 29.Qxd8+ Nxd8
30.g8=Q Bxh5 31.Kf1 Qb2 32.Re1 Qxc2 33.Qf8 b6 34.Bg2 Rc4 35.Rg8 Qd3+ 36.Kg1 c2
37.Bc1 Qd4+ 38.Kh1 Rc3 39.Rh8 Bf3 40.Bxf3 Rxf3 41.Qd6 Qxd6 42.exd6 Kd7 43.Rh2 Nd3
44.Rg1 Nc6 45.Rxc2 Nd4 46.Rh2 Kxd6 47.Rd1 Kc5 48.Bb2 Nxb2 49.Rxb2 Rxa3 50.Rbd2 Ra4
51.Kg2 Rc4 52.Re1 b5 53.Re5+ Kb4 54.Ra2 a5 55.Rb2+ Kc3 56.Rbxb5 Nxb5 57.Rxb5 a4
58.Kf3 a3 59.Ra5 Kb3 60.Ra6 a2  0-1

[Event "World Open"]
[Site "Philadelphia USA"]
[Date "2009.07.05"]
[Round "8"]
[White "Shulman,Y"]
[Black "Perelshteyn,E"]
[Result "1/2-1/2"]
[WhiteElo "2632"]
[BlackElo "2543"]

1.d4 Nf6 2.c4 e6 3.Nf3 Nc6 4.a3 d5 5.Nc3 Be7 6.Bf4 O-O 7.e3 a6 8.h3 h6 9.Qc2 dxc4
10.Bxc4 Bd6 11.Ne5 Bxe5 12.dxe5 Nd7 13.Rd1 Qe7 14.Qe4 Nc5 15.Qf3 b5 16.Ba2 Bb7
17.Qg3 Kh8 18.b4 Na4 19.Nxa4 bxa4 20.h4 Rfd8 21.Rxd8+ Qxd8 22.Bb1 Ne7 23.Bg5 Qf8
24.Qg4 a5 25.bxa5 Ng8 26.Qb4 Qxb4+ 27.axb4 c5 28.bxc5 Rxa5 29.Kd2 Rxc5 30.f3 Rxe5
31.e4 hxg5 32.hxg5+ Nh6 33.gxh6 g5 34.Kc3 Bc6 35.Kd4 Rb5 36.Rc1 e5+ 37.Kd3 Bd7
38.Ba2 Rb7 39.Bd5 Ra7 40.Rb1 f6 41.Rb6 a3 42.Ba2 Ra6 43.Rxa6 Bb5+ 44.Kc3 Bxa6
45.Be6 Kh7 46.Kb3 Kxh6 47.Kxa3 Bf1 48.g3 Be2  1/2-1/2

[Event "World Open"]
[Site "Philadelphia USA"]
[Date "2009.07.05"]
[Round "9"]
[White "Sharavdorj,D"]
[Black "Shulman,Y"]
[Result "1/2-1/2"]
[WhiteElo "2422"]
[BlackElo "2632"]

1.d4 d5 2.c4 e6 3.Nf3 Nf6 4.Nc3 c6 5.Bg5 h6 6.Bxf6 Qxf6 7.e3 Nd7 8.Bd3 dxc4
9.Bxc4 g6 10.O-O Bg7 11.e4 O-O 12.e5 Qe7 13.Re1 b5 14.Bd3 Bb7 15.Be4 Rab8
16.Qe2 Rfc8 17.Rad1 a6 18.g3 Nb6 19.a3 b4 20.axb4 Qxb4 21.Na2  1/2-1/2

[Event "TIM"]
[Site "Montreal CAN"]
[Date "2009.09.05"]
[Round "9"]
[White "Shulman,Y"]
[Black "Maze,S"]
[Result "1/2-1/2"]
[WhiteElo "2648"]
[BlackElo "2546"]

1.d4 d5 2.c4 dxc4 3.Nf3 a6 4.e3 b5 5.a4 Bb7 6.b3 Nf6 7.bxc4 bxc4 8.Bxc4 e6
9.O-O c5 10.Ba3 cxd4 11.Bxf8 Kxf8 12.Nxd4 Nc6 13.Qb3 Qc7 14.Nd2 Nxd4 15.exd4 Bd5
16.Rfc1 Qe7 17.Qg3 Bxc4 18.Rxc4 Nd5 19.Ne4 h6 20.Nc3 Kg8 21.Nxd5 exd5 22.Rc7 Qe4
23.Qe3 Re8 24.Re1 Kh7 25.Qxe4+ Rxe4 26.Rxe4 dxe4 27.Kf1 Rd8 28.Rc4 f5 29.Ke2 Rd5
30.Ke3 Ra5 31.h4 Kg6 32.Kf4 Kf6 33.h5 g5+ 34.hxg6 Kxg6 35.g3 Kg7 36.Rc7+ Kg6
37.Rc6+ Kg7 38.Rc4 Kg6 39.Rc6+ Kg7 40.Rc5 Rxa4 41.Rc7+ Kf6 42.Rc6+ Kf7 43.d5 Ra2
44.Kxf5 Rxf2+ 45.Kxe4 Rf6 46.Rc7+ Ke8 47.Rg7 a5 48.Ke5 Rb6 49.Ra7 Rg6 50.Kf4 h5
51.Rh7 Rg4+ 52.Ke5 Kd8 53.Rxh5 Rxg3 54.Kd6 Rg6+ 55.Kc5 a4 56.Rh8+ Kd7 57.Ra8 a3
58.Rxa3 Kd8 59.Ra7 Rh6 60.Rb7 Rg6 61.d6 Rg1 62.Kc6 Rc1+ 63.Kd5  1/2-1/2

[Event "World Cup"]
[Site "Khanty-Mansiysk RUS"]
[Date "2009.11.23"]
[Round "1.6"]
[White "Savchenko,B"]
[Black "Shulman,Y"]
[Result "0-1"]
[WhiteElo "2644"]
[BlackElo "2623"]

1.c4 e6 2.d4 d5 3.Nc3 c6 4.Nf3 dxc4 5.a4 Bb4 6.e3 b5 7.Bd2 a5 8.axb5 Bxc3
9.Bxc3 cxb5 10.b3 Bb7 11.bxc4 b4 12.Bb2 Nf6 13.Bd3 O-O 14.O-O Nbd7 15.Qc2 Qc7
16.Rfc1 Rfc8 17.e4 e5 18.c5 exd4 19.Bxd4 h6 20.e5 Nd5 21.e6 fxe6 22.Bh7+ Kh8
23.Bxg7+ Kxg7 24.Qg6+ Kh8 25.Qxh6 Nf8 26.Bg6+ Nh7 27.c6 Bxc6 28.Bxh7 Qxh7
29.Qxe6 Nc3 30.Ng5 Bd5 31.Qg4 Rc4 32.f4 Rxf4 33.Qxf4 Ne2+ 34.Kf1 Nxf4 35.Nxh7 Kxh7
36.Rc5 Bxg2+ 37.Kg1 Be4 38.Rcxa5 Rxa5 39.Rxa5 b3 40.Rb5 Bc2 41.Kf2 Nd3+ 42.Ke3 b2
43.h4 b1=Q 44.Rxb1 Bxb1 45.Ke4 Nc5+ 46.Ke5 Nd7+ 47.Ke6 Nf8+ 48.Kf6 Ng6 49.h5 Nh8
50.h6 Bc2 51.Kg5 Bb1 52.Kf6 Ba2 53.Kg5 Bb3 54.Kf6 Bc2 55.Kg5 Ba4 56.Kh5 Bb5
57.Kg5 Ba6 58.Kh5 Bb7 59.Kg5 Bc6 60.Kh5 Bd7 61.Kg5 Be8 62.Kf5 Bf7 63.Kf6 Bg8
64.Kg5 Bc4 65.Kh5 Bf1 66.Kg5 Bg2 67.Kh5 Nf7 68.Kg4 Be4 69.Kf4 Bg6 70.Kg4 Kxh6
71.Kf4 Kh5 72.Ke3 Kg4 73.Kd4 Kf4 74.Kd5 Bf5 75.Kd4 Be4 76.Kc5 Ke5 77.Kc4 Nd6+
78.Kc3 Kd5 79.Kb4 Kd4 80.Kb3 Bd3 81.Kb2 Kc4 82.Kc1 Kc3 83.Kd1 Kd4 84.Kd2 Nc4+
85.Ke1 Ke3 86.Kd1 Na3 87.Kc1 Bc4 88.Kb2 Nb5 89.Kc2 Ke2 90.Kc1 Bb3 91.Kb2 Ba4
92.Kc1 Kd3 93.Kb2 Kd2 94.Kb1 Nd4 95.Kb2 Nc2 96.Ka2 Kc3 97.Kb1 Bb3 98.Kc1 Ba2
99.Kd1 Nd4 100.Ke1 Kd3 101.Kf2 Ne2  0-1

[Event "Reykjavik Open"]
[Site "Reykjavik ISL"]
[Date "2010.02.27"]
[Round "5"]
[White "Sachdev,T"]
[Black "Shulman,Y"]
[Result "1/2-1/2"]
[WhiteElo "2398"]
[BlackElo "2624"]

1.d4 d5 2.c4 e6 3.Nf3 c6 4.e3 Nd7 5.Bd3 dxc4 6.Bxc4 Ngf6 7.O-O Bd6 8.Nbd2 O-O
9.Qc2 e5 10.dxe5 Nxe5 11.Nxe5 Bxe5 12.Nf3 Bc7 13.h3 Qe7 14.b3 Ne4 15.Bb2 Bf5
16.Bd3 Bg6 17.Ba3 Qxa3 18.Bxe4 Bxe4 19.Qxe4 h6 20.Rfd1 Rad8 21.Qc2 Rfe8 22.g3 Bb6
23.Nh4 Qc5 24.Qe2 Rd5 25.Rxd5 cxd5 26.Nf5 Kh7 27.Qd3 g6 28.Nd4 Rc8 29.Ne2 Qd6
30.Rd1 Rd8 31.Qc2 Qe5 32.Nd4 Qe4 33.Qc3 Rd7 34.Qc8 Rc7 35.Qb8 a6 36.Qf8 Bxd4
37.exd4 Qe2 38.Rf1 Qe7 39.Qxe7 Rxe7 40.Rc1 Kg7 41.Kf1 Re4  1/2-1/2

[Event "Reykjavik Open"]
[Site "Reykjavik ISL"]
[Date "2010.03.01"]
[Round "7"]
[White "Shulman,Y"]
[Black "Grover,S"]
[Result "1-0"]
[WhiteElo "2624"]
[BlackElo "2448"]

1.Nf3 Nf6 2.c4 c6 3.Nc3 d5 4.e3 e6 5.b3 Nbd7 6.Bb2 Bd6 7.Be2 O-O 8.Qc2 Qe7
9.O-O b6 10.cxd5 cxd5 11.Nb5 Ba6 12.Nfd4 Rfc8 13.Nc6 Qf8 14.Nxd6 Qxd6 15.Bxa6 Rxc6
16.Qd1 Rc7 17.Rc1 Rd8 18.Qe2 Rxc1 19.Rxc1 h6 20.h3 Nc5 21.Bb5 Qe7 22.d4 Nce4
23.Qc2 Nd6 24.Ba3 g6 25.Bxd6 Qxd6 26.Qc7 a5 27.Qxd6 Rxd6 28.Rc8+ Kg7 29.Kf1 Ne4
30.Ke2 h5 31.h4 Kf6 32.a3 Kg7 33.Bd3 Kf6 34.Bb5 Kg7 35.Rc7 Rd8 36.Bd3 Rd6
37.f3 Ng3+ 38.Kf2 Nh1+ 39.Kg1 Ng3 40.Kh2 Nf5 41.Bxf5 gxf5 42.Rc8 Rd7 43.Kg3 Rb7
44.Kf2 b5 45.Ke2 a4 46.b4 Kf6 47.Kf2 Rb6 48.Kg3 Kg7 49.Kf4 Kf6 50.e4 dxe4
51.fxe4 fxe4 52.Kxe4 Rb7 53.g3 Rb6 54.Rc5 Kg6 55.Rg5+ Kh6 56.Ke5 Rc6 57.Kf6 e5+
58.Kxe5 f6+ 59.Kd5 Rc3 60.Rg8 Rxa3 61.Kc6 Rc3+ 62.Kxb5 a3 63.d5 a2 64.Ra8 Rc2
65.d6 Kg6 66.d7 Rd2 67.Kc6 Rc2+ 68.Kb6 Rd2 69.Kc7 Rc2+ 70.Kd6 Rd2+ 71.Ke7 Re2+
72.Kd8 Rb2 73.b5 Rxb5 74.Rxa2  1-0

[Event "ch-USA"]
[Site "Saint Louis USA"]
[Date "2010.05.15"]
[Round "2"]
[White "Altounian,L"]
[Black "Shulman,Y"]
[Result "1/2-1/2"]
[WhiteElo "2454"]
[BlackElo "2613"]

1.e4 e6 2.d4 d5 3.exd5 exd5 4.Nf3 c6 5.Bd3 Bd6 6.O-O Ne7 7.c4 dxc4 8.Bxc4 O-O
9.Nc3 Nd7 10.Bb3 Nb6 11.Bg5 Bg4 12.Re1 h6 13.Bxe7 Bxe7 14.h3 Bxf3 15.Qxf3 Bb4
16.Rad1 Qd7 17.Re5 Bxc3 18.bxc3 Rae8 19.Rde1 Nd5 20.Bxd5 cxd5 21.Rxe8 Rxe8
22.Rxe8+ Qxe8 23.Qxd5 Qe1+ 24.Kh2 Qxc3 25.Qxb7 Qxd4 26.Qc8+ Kh7 27.Qf5+ Kg8
28.Qc8+ Kh7 29.Qf5+ Kg8 30.Qc8+  1/2-1/2